Statistiques concernant Quiz sur le Népal

Cliquez ici pour prendre le quiz!

Statistiques générales

  • Ce quiz a été pris 3 197 fois
  • Le résultat moyen est 12 sur 20

Statistiques - réponses

QuestionRéponse% Correct
Pays frontaliersChine
98%
Pays frontaliersInde
97%
Chaîne de montagnes qui traverse le NépalHimalaya
95%
Plus haut sommet du monde, situé au NépalMont {Everest}
94%
CapitaleKatmandou
89%
Le Népal possède le seul drapeau national qui ne soit pas...Rectangulaire
87%
Type de catastrophe naturelle qui a ravagé le Népal en 2015Séisme
81%
Cette créature légendaire habiterait les montagnes népalaisesYéti
77%
Religion pratiquée par plus de 80% de la populationHindouisme
68%
Ruminant montagnard notamment élevé pour son laitYak
60%
Sport le plus populaireCricket
56%
Chef spirituel né au Népal aux alentours de 480 avant J.-C.Bouddha
54%
Massif célèbre comprenant le 10ème plus haut sommet du mondeAnna{purna}
46%
Parti politique le plus populaireParti {Communiste} du Népal
44%
Groupe ethnique auquel appartenait ce dernierSherpa
40%
Devise monétaireRoupie
33%
Premiers hommes à atteindre ce sommetEdmund Hillary
24%
Ce qui fut aboli en 2008Monarchie
19%
Nom donnés aux mercenaires népalais dans l'armée britanniqueG{urkhas}
15%
Premiers hommes à atteindre ce sommetTenzing Norgay
15%

Distribution des résultats

Percentile par nombre de réponses

% des personnes avec chaque résultat

Votre développement - résultats

Vous n’avez pas pris ce quiz